000 00488nam a22001457a 4500
999 _c7755
_d7753
005 20210324162318.0
008 210324b ||||| |||| 00| 0 eng d
082 _a345.408 23
100 _aMANOHAR AND CHITALEY
_96503
245 _aTHE AIR MANUAL CIVIL AND CASES ESSENTIAL COMMODITIES ACT[1955] SECTION 4 TO EVIDENCE ACT, (1955) SECTION 4 TO EVIDENCE ACT,1872, SECTION 90-A
260 _aNAGPUR
_bTHE ALL INDIA REPORTER PVT.LTD.
300 _a1325,p
650 _aLAW
_95701
942 _cJRL